|
|
|
|
| LEADER |
00000cam a2200000 a 4500 |
| 001 |
vtls010030353 |
| 003 |
SK-MaSNL |
| 005 |
20260301172204.0 |
| 008 |
240318s2009 xo g 000 0 slo |
| 015 |
|
|
|a SNBA2010/01-00587
|
| 020 |
|
|
|a 9788080844790
|q (brož.)
|
| 035 |
|
|
|a 7E55CA8A-9A56-4BD6-A45D-9B0CE24B2287
|
| 035 |
|
|
|a urn:nbn:sk:snk-amk9mj
|
| 035 |
|
|
|a urn:nbn:sk:snk-am00896u
|
| 040 |
|
|
|a SNK
|b slo
|c SNK
|e AACR2
|
| 041 |
0 |
|
|a slo
|
| 044 |
|
|
|a xo
|c SK
|
| 072 |
|
7 |
|a 17
|x Etika. Morálna filozofia
|2 konspekt
|
| 072 |
|
7 |
|a 070
|x Noviny. Tlač
|2 konspekt
|
| 080 |
|
|
|a 070
|2 2001
|
| 080 |
|
|
|a 174
|2 2001
|
| 080 |
|
|
|a 316.774
|2 2001
|
| 080 |
|
|
|a 659.3:316.624
|2 2001
|
| 080 |
|
|
|a 316.422
|2 2001
|
| 080 |
|
|
|a (048.8)
|2 2001
|
| 080 |
|
|
|a 070.11
|2 2001
|
| 100 |
1 |
|
|a Zasępa, Tadeusz,
|d 1946-2016
|4 aut
|9 186260
|
| 245 |
1 |
0 |
|a Etika v žurnalistike
|c Tadeusz Zasępa, Peter Olekšák, Imrich Gazda
|
| 260 |
|
|
|a Ružomberok
|b Katolícka univerzita
|c 2009
|
| 300 |
|
|
|a 267 s.
|c 21 cm
|
| 504 |
|
|
|a Bibliogr. odkazy. Bibliogr. s. 254-267
|
| 650 |
0 |
7 |
|a žurnalistika
|2 SNKPH
|9 951
|
| 650 |
0 |
7 |
|a novinárska etika
|2 SNKPH
|9 67716
|
| 650 |
0 |
7 |
|a profesijná etika
|2 SNKPH
|9 15135
|
| 650 |
0 |
7 |
|a médiá
|2 SNKPH
|9 1424
|
| 650 |
0 |
7 |
|a mediálne násilie
|2 SNKPH
|9 107291
|
| 650 |
0 |
7 |
|a globalizácia
|2 SNKPH
|9 3615
|
| 650 |
0 |
7 |
|a Journalism
|2 SNKPHeng
|9 270423
|
| 650 |
0 |
7 |
|a Journalistic ethics
|2 SVKBBPHeng
|9 412252
|
| 650 |
0 |
7 |
|a Professional ethics
|2 SNKPHeng
|9 328611
|
| 650 |
0 |
7 |
|a Media
|2 SNKPHeng
|9 1424
|
| 650 |
0 |
7 |
|a Violence in mass media
|2 SNKPHeng
|9 541255
|
| 650 |
0 |
7 |
|a Globalization
|2 SNKPHeng
|9 310513
|
| 655 |
|
7 |
|a monografie
|2 SNKPH
|9 70139
|
| 655 |
|
7 |
|a Monographs
|2 SNKPHeng
|9 120675
|
| 700 |
1 |
|
|a Olekšák, Peter,
|d 1969-
|4 aut
|9 217186
|
| 700 |
1 |
|
|a Gazda, Imrich,
|d 1982-
|4 aut
|9 131735
|
| 710 |
2 |
|
|a Katolícka univerzita v Ružomberku.
|b Filozofická fakulta
|4 pbl
|9 256490
|
| 852 |
|
|
|a Štátna vedecká knižnica v Banskej Bystrici
|
| 919 |
|
|
|a 978-80-8084-479-0
|
| 958 |
|
|
|a OND
|
| 958 |
|
|
|a NB
|
| 968 |
|
|
|d 0
|
| 999 |
|
|
|c 832607
|d 834537
|
| 952 |
|
|
|a SNK
|b SNK
|y PREZ
|7 0
|p 17A0641253
|o snkSC 138547
|i snk2010/481
|8 0
|0 0
|1 0
|4 0
|d 2010-01-12
|l 0
|r 2017-06-30 00:00:00
|w 2026-02-24
|
| 952 |
|
|
|a SNK
|b SNK
|y VYP
|7 0
|p 17A0641252
|o snkSC 138547 D1
|i snk2010/482
|8 0
|0 0
|1 0
|4 0
|d 2010-01-12
|l 0
|r 2026-02-24 03:43:24
|w 2026-02-24
|